New York rangers roster 2026 - Statistics

General Stats
  • This quiz has been taken 2 times
  • The average score is 14 of 26
Answer Stats
Hint Answer % Correct
8 Miller
100%
32 Quick
100%
73 Rempe
100%
31 Shesterkin
100%
16 Trocheck
100%
93 Zibanejad
100%
22 Brodzinski
50%
49 Chmelar
50%
50 Cuylle
50%
84 Edstrom
50%
23 Fox
50%
33 Garand
50%
44 Gavrikov
50%
6 Iorio
50%
24 Kartye
50%
13 Lafreniere
50%
14 Raddysh
50%
29 Robertson
50%
4 Schneider
50%
HC Sullivan
50%
38 Sykora
50%
18 Vaakanainen
50%
45 Fortescue
0%
42 Laba
0%
94 Perrault
0%
43 Sheary
0%
No matching quizzes found
Score Distribution
Percent of People with Each Score
Percentile by Number Answered
Your Score History
You have not taken this quiz